Statistics for Countries of the 200 Largest Islands

Click here to take the quiz!

General Stats

  • This quiz has been taken 55 times
  • The average score is 92 of 200

Answer Stats

AreaIslandCountry% Correct
109,000 km²NewfoundlandCanada
98%
209,000 km²Great BritainUnited Kingdom
98%
2,131,000 km²GreenlandDenmark
96%
102,000 km²IcelandIceland
96%
84,400 km²IrelandIreland
96%
226,000 km²HonshūJapan
96%
78,700 km²HokkaidoJapan
96%
106,000 km²CubaCuba
94%
786,000 km²New GuineaIndonesia
94%
139,000 km²JavaIndonesia
94%
743,000 km²BorneoIndonesia
94%
65,300 km²Sri LankaSri Lanka
94%
65,000 km²TasmaniaAustralia
92%
507,000 km²Baffin IslandCanada
92%
217,000 km²Victoria IslandCanada
92%
196,000 km²Ellesmere IslandCanada
92%
443,000 km²SumatraIndonesia
92%
588,000 km²MadagascarMadagascar
92%
112,000 km²North IslandNew Zealand
92%
146,000 km²South IslandNew Zealand
92%
73,900 km²HispaniolaDominican Republic
90%
70,030 km²Banks IslandCanada
88%
181,000 km²SulawesiIndonesia
88%
110,000 km²LuzonPhilippines
88%
35,900 km²TaiwanTaiwan
86%
28,400 km²TimorEast Timor
84%
25,700 km²SicilyItaly
84%
23,900 km²SardiniaItaly
84%
37,400 km²KyūshūJapan
84%
18,500 km²ShikokuJapan
84%
97,500 km²MindanaoPhilippines
84%
47,400 km²Isla Grande de Tierra del FuegoArgentina
82%
55,200 km²Devon IslandCanada
82%
31,300 km²Vancouver IslandCanada
82%
9,230 km²CyprusCyprus
82%
8,350 km²CreteGreece
82%
11,200 km²JamaicaJamaica
82%
8,740 km²CorsicaFrance
78%
72,500 km²SakhalinRussia
78%
10,400 km²Hawai'iUnited States
78%
9,100 km²Puerto RicoUnited States
78%
33,200 km²HainanChina
76%
5,420 km²BaliIndonesia
76%
39,000 km²SpitsbergenNorway
73%
33,200 km²Yuzhny IslandRussia
73%
5,010 km²TrinidadTrinidad and Tobago
73%
33,300 km²Prince of Wales IslandCanada
71%
41,200 km²Southampton IslandCanada
71%
7,040 km²East FalklandUnited Kingdom
71%
24,800 km²Somerset IslandCanada
69%
15,800 km²Prince Patrick IslandCanada
69%
5,620 km²Prince Edward IslandCanada
69%
9,520 km²Prince Charles IslandCanada
69%
11,200 km²Bolshevik IslandRussia
69%
6,200 km²New SiberiaRussia
69%
9,310 km²Kodiak IslandUnited States
69%
16,000 km²Bathurst IslandCanada
67%
7,030 km²ZealandDenmark
67%
3,670 km²MajorcaSpain
67%
42,100 km²Melville IslandCanada
65%
14,400 km²SumbawaIndonesia
65%
14,200 km²October Revolution IslandRussia
65%
24,000 km²Kotelny IslandRussia
65%
10,300 km²Cape Breton IslandCanada
63%
4,380 km²Kangaroo IslandAustralia
61%
14,500 km²NordaustlandetNorway
61%
10,600 km²MindoroPhilippines
61%
4,470 km²CebuPhilippines
61%
4,530 km²West FalklandUnited Kingdom
61%
3,630 km²Long IslandUnited States
61%
43,200 km²Axel Heiberg IslandCanada
59%
4,690 km²North Jutlandic IslandDenmark
59%
16,600 km²Grande Terre (New Caledonia)France
59%
13,100 km²King William IslandCanada
57%
10,700 km²SumbaIndonesia
57%
8,810 km²Komsomolets IslandRussia
57%
5,050 km²Mackenzie King IslandCanada
55%
47,100 km²Severny IslandRussia
55%
4,630 km²LombokIndonesia
53%
12,200 km²PalawanPhilippines
53%
5,160 km²Great Lyakhovsky IslandRussia
53%
13,100 km²NegrosPhilippines
51%
12,800 km²SamarPhilippines
51%
7,000 km²Cornwallis IslandCanada
49%
12,000 km²PanayPhilippines
49%
7,370 km²LeytePhilippines
49%
4,970 km²Koguyev IslandRussia
49%
4,210 km²Nunivak IslandUnited States
49%
11,300 km²Ellef Ringnes IslandCanada
47%
18,000 km²HalmaheraIndonesia
47%
14,200 km²FloresIndonesia
47%
17,500 km²Seram IslandIndonesia
47%
2,990 km²GotlandSweden
47%
4,120 km²Unimak IslandUnited States
47%
5,140 km²St. Lawrence IslandUnited States
47%
6,360 km²Graham IslandCanada
45%
7,940 km²Anticosti IslandCanada
45%
2,540 km²RéunionFrance
45%
11,400 km²BangkaIndonesia
45%
5,070 km²EdgeøyaNorway
45%
3,720 km²South GeorgiaUnited Kingdom
45%
11,100 km²Bylot IslandCanada
43%
5,260 km²Amund Ringnes IslandCanada
43%
8,470 km²BuruIndonesia
43%
35,100 km²New BritainPapua New Guinea
43%
10,500 km²Viti LevuFiji
41%
2,780 km²North Andaman IslandIndia
41%
11,700 km²Yos SudarsoIndonesia
41%
7,870 km²Wrangel IslandRussia
41%
6,680 km²Prince of Wales IslandUnited States
41%
40,100 km²MarajóBrazil
39%
4,410 km²ButonIndonesia
39%
2,820 km²Zemlya GeorgaRussia
39%
5,590 km²Vanua LevuFiji
37%
4,430 km²Madura IslandIndonesia
37%
9,320 km²Bougainville IslandPapua New Guinea
37%
7,410 km²New IrelandPapua New Guinea
37%
5,350 km²GuadalcanalSolomon Islands
37%
4,460 km²Stefansson IslandCanada
35%
2,360 km²Cornwall IslandCanada
35%
8,610 km²QeqertarsuaqDenmark
35%
3,710 km²EuboeaGreece
35%
5,770 km²Melville IslandAustralia
33%
4,480 km²BelitungIndonesia
33%
2,400 km²Karaginsky IslandRussia
33%
4,050 km²NiasIndonesia
31%
2,720 km²Unalaska IslandUnited States
31%
4,360 km²Admiralty IslandUnited States
31%
3,610 km²SocotraYemen
31%
2,610 km²Moresby IslandCanada
29%
8,480 km²Chiloé IslandChile
29%
6,620 km²KerguelenFrance
29%
49,100 km²Alexander IslandAntarctica
27%
4,860 km²Ilha Grande de GurupáBrazil
27%
5,500 km²Coats IslandCanada
27%
2,350 km²PelengIndonesia
27%
2,200 km²HinnøyaNorway
27%
3,820 km²BoholPhilippines
27%
43,900 km²Berkner IslandAntarctica
24%
2,770 km²Manitoulin IslandCanada
24%
2,670 km²SaaremaaEstonia
24%
3,330 km²Vaygach IslandRussia
24%
2,250 km²Princess Royal IslandCanada
22%
2,990 km²FunenDenmark
22%
3,270 km²Masbate IslandPhilippines
22%
15,700 km²Thurston IslandAntarctica
20%
2,790 km²Borden IslandCanada
20%
2,170 km²Richards IslandCanada
20%
7,910 km²Roosevelt IslandAntarctica
18%
3,440 km²North Andros IslandBahamas
18%
20,000 km²BananalBrazil
18%
3,600 km²WetarIndonesia
18%
3,830 km²SiberutIndonesia
18%
5,000 km²CavianaBrazil
16%
3,000 km²Akimiski IslandCanada
16%
3,180 km²Mansel IslandCanada
16%
2,240 km²Isla de la JuventudCuba
16%
2,200 km²Wilczek LandRussia
16%
5,390 km²Chichagof IslandUnited States
16%
4,070 km²Baranof IslandUnited States
16%
6,390 km²Siple IslandAntarctica
14%
2,910 km²TaliabuIndonesia
14%
2,280 km²YapenIndonesia
14%
3,240 km²Iturup (Etorofu)Russia
14%
2,470 km²ParamushirRussia
14%
2,460 km²Ross IslandAntarctica
12%
2,600 km²James Ross IslandAntarctica
12%
4,460 km²Adelaide IslandAntarctica
12%
7,700 km²Tupinambarana WestBrazil
12%
5,110 km²Riesco IslandChile
12%
4,710 km²Isabela IslandEcuador
12%
2,150 km²TranganIndonesia
12%
2,540 km²ObiraIndonesia
12%
2,270 km²MorotaiIndonesia
12%
2,890 km²Muna IslandIndonesia
12%
3,100 km²YamdenaIndonesia
12%
8,500 km²Carney IslandAntarctica
10%
3,690 km²Santa Inés IslandChile
10%
2,180 km²Nelson IslandUnited States
10%
5,560 km²Wellington IslandChile
8%
3,060 km²WaigeoIndonesia
8%
2,120 km²Alor IslandIndonesia
8%
2,810 km²Kupreanof IslandUnited States
8%
2,290 km²Groote EylandtAustralia
6%
3,600 km²Tupinambarana NorthBrazil
6%
4,120 km²Hoste IslandChile
6%
2,470 km²Navarino IslandChile
6%
2,100 km²Margarita IslandColombia
6%
2,440 km²Ymer IslandDenmark
6%
3,910 km²Milne LandDenmark
6%
2,970 km²Revillagigedo IslandUnited States
6%
3,960 km²Espiritu SantoVanuatu
6%
2,430 km²Anvers IslandAntarctica
4%
4,100 km²Spaatz IslandAntarctica
4%
3,540 km²Traill IslandDenmark
4%
2,970 km²Choiseul IslandSolomon Islands
4%
3,500 km²Bear IslandAntarctica
2%
3,840 km²MalaitaSolomon Islands
2%
3,190 km²MakiraSolomon Islands
2%
3,670 km²Santa Isabel IslandSolomon Islands
2%

Score Distribution

Percentile by Number Answered

Percent of People with Each Score

Your Score History

You have not taken this quiz